Managing the global corporation : (Record no. 1574)

000 -LEADER
fixed length control field 01674nam a22003977a 4500
001 - CONTROL NUMBER
control field 11933112
003 - CONTROL NUMBER IDENTIFIER
control field OSt
005 - DATE AND TIME OF LATEST TRANSACTION
control field 20210423062316.0
008 - FIXED-LENGTH DATA ELEMENTS--GENERAL INFORMATION
fixed length control field 000306s2001 iluab b 001 0 eng
010 ## - LIBRARY OF CONGRESS CONTROL NUMBER
LC control number 00027781
020 ## - INTERNATIONAL STANDARD BOOK NUMBER
International Standard Book Number 0072347988 (softcover : alk. paper)
040 ## - CATALOGING SOURCE
Original cataloging agency DLC
Transcribing agency DLC
Modifying agency DLC
041 ## - LANGUAGE CODE
Language code of text/sound track or separate title eng
042 ## - AUTHENTICATION CODE
Authentication code pcc
050 00 - LIBRARY OF CONGRESS CALL NUMBER
Classification number HD62.4
Item number .T67 2001
080 ## - UNIVERSAL DECIMAL CLASSIFICATION NUMBER
Universal Decimal Classification number 005
Item number T-76
082 00 - DEWEY DECIMAL CLASSIFICATION NUMBER
Classification number 658/.049
Edition number 21
100 1# - MAIN ENTRY--PERSONAL NAME
Personal name Torre, José de la,
Dates associated with a name 1950-
245 10 - TITLE STATEMENT
Title Managing the global corporation :
Remainder of title case studies in strategy and management /
Statement of responsibility, etc. José de la Torre, Yves Doz, Timothy Devinney.
250 ## - EDITION STATEMENT
Edition statement 2nd ed.
260 ## - PUBLICATION, DISTRIBUTION, ETC.
Place of publication, distribution, etc. Boston :
Name of publisher, distributor, etc. Irwin/McGraw-Hill,
Date of publication, distribution, etc. c2001.
300 ## - PHYSICAL DESCRIPTION
Extent xix, 587 p. :
Other physical details ill., maps ;
Dimensions 26 cm.
440 #0 - SERIES STATEMENT/ADDED ENTRY--TITLE
Title McGraw-Hill advanced topics in global management
500 ## - GENERAL NOTE
General note Rev. ed. of: Managing the global corporation / William Harley Davidson, José de la Torre. 1989.
504 ## - BIBLIOGRAPHY, ETC. NOTE
Bibliography, etc. note Includes bibliographical references and index.
650 #0 - SUBJECT ADDED ENTRY--TOPICAL TERM
Topical term or geographic name entry element International business enterprises
General subdivision Management.
653 ## - INDEX TERM--UNCONTROLLED
Uncontrolled term მენეჯმენტი
700 1# - ADDED ENTRY--PERSONAL NAME
Personal name Doz, Yves L.
700 1# - ADDED ENTRY--PERSONAL NAME
Personal name Devinney, Timothy M.
Fuller form of name (Timothy Michael),
Dates associated with a name 1956-
700 1# - ADDED ENTRY--PERSONAL NAME
Personal name Davidson, William H.
Fuller form of name (William Harley),
Dates associated with a name 1951-
Title of a work Managing the global corporation.
856 42 - ELECTRONIC LOCATION AND ACCESS
Materials specified Publisher description
Uniform Resource Identifier <a href="http://www.loc.gov/catdir/description/mh021/00027781.html">http://www.loc.gov/catdir/description/mh021/00027781.html</a>
856 41 - ELECTRONIC LOCATION AND ACCESS
Materials specified Table of contents
Uniform Resource Identifier <a href="http://www.loc.gov/catdir/toc/mh021/00027781.html">http://www.loc.gov/catdir/toc/mh021/00027781.html</a>
906 ## - LOCAL DATA ELEMENT F, LDF (RLIN)
a 7
b cbc
c orignew
d 1
e ocip
f 20
g y-gencatlg
942 ## - ADDED ENTRY ELEMENTS (KOHA)
Source of classification or shelving scheme
Koha item type Books
Holdings
Withdrawn status Lost status Source of classification or shelving scheme Damaged status Not for loan Permanent location Current location Date acquired Inventory number Total Checkouts Full call number Barcode Date last seen Price effective from Koha item type
          Ken Walker International University Ken Walker International University 02/19/2021 1495   005 T-76 1495 02/19/2021 02/19/2021 Books

Powered by Koha